000 00583nam a22001697a 4500
082 _a621.31934
_bPAK
_cL-10, P-37
110 _aPakistan Cables Limited.
_941505
245 _aWiring manual for electrical installations in Pakistan /
_cPakistan Cables Limited.
260 _aPakistan :
_bPakistan Cables Limited.
_cc1968.
300 _axii, 209 p. :
526 _a0
_b0
_c0
_d621_319340000000000_PAK
526 _a0
_b0
_c0
_d621_319340000000000_PAK
526 _a0
_b0
_c0
_d621_319340000000000_PAK
526 _a0
_b0
_c0
_d621_319340000000000_PAK
650 _aMCE
_9379
942 _2ddc
_cBK
999 _c545597
_d545597